| 000 -LEADER |
| fixed length control field |
00648nam a22001337a 4500 |
| 040 ## - CATALOGING SOURCE |
| Transcribing agency |
RUA |
| 082 ## - DEWEY DECIMAL CLASSIFICATION NUMBER |
| Classification number |
AGR KIN 2021 B1-586 Or. |
| 100 ## - MAIN ENTRY--AUTHOR NAME |
| Personal name |
KIN POTHY,គិន ពុទ្ធី |
| 245 ## - TITLE STATEMENT |
| Title |
EFFECT OF DEFFERENT ORGANIC MULCHING ON GROWTH AND YIELD OF CHINESE RADISH,ឥទ្ធិពលគម្របសរីរាង្គផ្សេងៗគ្នាទៅលើការលូតលាស់ និងទិន្នផលដំណាំឆៃថាវ |
| 260 ## - PUBLICATION, DISTRIBUTION, ETC. (IMPRINT) |
| Place of publication |
phnom penh |
| Name of publisher |
rua |
| Year of publication |
2021 |
| 300 ## - PHYSICAL DESCRIPTION |
| Number of Pages |
x.39p. |
| Other physical details |
ill. |
| Dimensions |
29cm. |
| 856 ## - ELECTRONIC LOCATION AND ACCESS |
| Uniform Resource Identifier |
https://drive.google.com/file/d/1m3Ml_FVEVbcftMRyu5w4eoJNlh6Sifcv/view?usp=sharing |
| 942 ## - ADDED ENTRY ELEMENTS (KOHA) |
| Koha item type |
AGR |
| 952 ## - LOCATION AND ITEM INFORMATION (KOHA) |
| Withdrawn status [LOCAL, KOHA] |
0 |
| 952 ## - LOCATION AND ITEM INFORMATION (KOHA) |
| Withdrawn status [LOCAL, KOHA] |
0 |
| 952 ## - LOCATION AND ITEM INFORMATION (KOHA) |
| Withdrawn status [LOCAL, KOHA] |
0 |
| 952 ## - LOCATION AND ITEM INFORMATION (KOHA) |
| Withdrawn status [LOCAL, KOHA] |
0 |